000 00398nam a2200169Ia 4500
008 221030s9999 xx 000 0 und d
020 _a8131703069
041 _aEnglish
082 _a105.23
100 _aE. Charniak
245 0 _aIntroduction to Artificial Intelligence
260 _bPearson Edcuation
_aDelhi
_c2009
300 _a701
650 _aIT
700 _aD. McDermott
942 _cBK
999 _c6322
_d6322